01004nam a2200253 a 450000100100000000500170001000800410002702000150006802000150008304000250009808200190012310000310014224500950017326000290026830000190029749000220031650502400033865000510057865000240062965000210065365000240067470000300069883000220072800002531720200930023713.0110214s1995 sp 000 0 spa d a847506440x a8475064302 aDO-SdBNPbspacBNPHU a868.5bB398ó1 aBécquer, Gustavo Adolfo,10aObras completas /cGustavo Adolfo Bécquer ; edición y prólogo de Ricardo Navas Ruiz. aMadrid :bTurner,c1995. a2 v. ;c23 cm.1 aBiblioteca Castro0 gV. 1.tPrimeros escritos. -- Teatro. -- Historia de los templos de España. --gV. 2.tNarraciones. -- Cartas literarias a una mujer. -- Desde mi celda. -- Libro de los gorriones. -- Artículos, crónicas y cuadros. -- Miscelánea. 4aLiteratura españolaxColecciones de escritos 4aPoesía española 4aTeatro español 4aEnsayos españoles1 aNavas Ruiz, Ricardo,eed. 0aBiblioteca Castro